Kontroling v malých a stredných podnikoch
Saved in:
| Main Author: | |
|---|---|
| Other Authors: | , |
| Format: | Book |
| Language: | Slovak |
| Published: |
Banská Bystrica
Univerzita Mateja Bela, Ekonomická fakulta v Banskej Bystrici
2011
|
| Edition: | 1. vyd. |
| Subjects: | |
| Tags: |
No Tags, Be the first to tag this record!
|
MARC
| LEADER | 00000nam a2200000 4500 | ||
|---|---|---|---|
| 001 | 0150305 | ||
| 005 | 20240223111731.9 | ||
| 020 | |a 978-80-557-0294-0 | ||
| 041 | 0 | |a slo | |
| 044 | |a SK | ||
| 245 | 1 | 0 | |a Kontroling v malých a stredných podnikoch |c Elena Bogyová, Janka Grofčíková, Marta Lapková |
| 250 | |a 1. vyd. | ||
| 264 | 1 | |a Banská Bystrica |b Univerzita Mateja Bela, Ekonomická fakulta v Banskej Bystrici |c 2011 | |
| 300 | |a 227 s. | ||
| 610 | 2 | 0 | |a podnik malý |
| 610 | 2 | 0 | |a podnik stredný |
| 610 | 2 | 0 | |a kontroling |
| 610 | 2 | 0 | |a náklady |
| 610 | 2 | 0 | |a kalkulácia |
| 610 | 2 | 0 | |a rozpočty |
| 610 | 2 | 0 | |a účtovníctvo vnútropodnikové |
| 610 | 2 | 0 | |a majetok obežný |
| 100 | 1 | |a Bogyová, Elena | |
| 700 | 1 | |a Grofčíková, Janka | |
| 700 | 1 | |a Lapková, Marta | |